Bayern Munich Buteur - Statistiques

Statistiques générales
  • Ce quiz a été pris 108 fois
  • Le résultat moyen est 5 sur 25
Statistiques - réponses
Nb Buts Joueur Top % Correct
124 Franck Ribery 12
82%
343 Robert Lewandowski 2
82%
227 Thomas Muller 3
81%
525 Gerd Muller 1
80%
144 Arjen Robben 8
63%
113 Mario Gomez 14
33%
64 Serge Gnabry 25
31%
217 Karl-Heinz Rummenigge 4
18%
68 Bastian Schweinsteiger 23
13%
125 Claudio Pizarro 11
13%
100 Lothar Matthaus 18
12%
110 Paul Breitner 16
8%
139 Giovane Elber 9
6%
103 Roy Makaay 17
2%
95 Franz Roth 19
1%
117 Mehmet Scholl 13
1%
112 Uli Hoeneb 15
1%
70 Alexander Zickler 22
0%
79 Carsten Jancker 20
0%
128 Dieter Brenninger 10
0%
149 Dieter Hoeneb 7
0%
74 Klaus Augenthaler 21
0%
66 Michael Rumenigge 24
0%
182 Rainer Ohlhauser 5
0%
155 Roland Wohlfarth 6
0%
Aucun quiz correspondant
Distribution des résultats
% des personnes avec chaque résultat
Percentile par nombre de réponses
Votre historique - résultats
Vous n’avez pas pris ce quiz